Ley de tierras y colonización: decreto n° 2825 /

Gorde:
Xehetasun bibliografikoak
Egile korporatiboa: Costa Rica. Asamblea Legislativa, Costa Rica. Ministerio de Agricultura y Ganadería
Formatua: Texto
Argitaratua: San José: Imprenta Nacional
Gaiak:
Etiketak: Etiketa erantsi
Etiketarik gabe, Izan zaitez lehena erregistro honi etiketa jartzen!

MARC

LEADER 00000 a a2200000 04500
001 16572
003
040
090 |a EXTRAVIADO  
110 |a Costa Rica. Asamblea Legislativa  
245 |a Ley de tierras y colonización: decreto n° 2825 /  |c Costa Rica. Asamblea Legislativa  
260 |a San José:   |b Imprenta Nacional  
300 |a 34 p.  
650 |a LEGISLACION  
650 |a REFORMA AGRARIA  
710 |a Costa Rica. Ministerio de Agricultura y Ganadería  
999 |c 10316  |d 10316